[Event "WTCC-50 2018"]
[Site "Radebeul"]
[Date "2018.07.14"]
[Round "8"]
[White "Ernst, Michael"]
[Black "Scheckenbach, Franz"]
[Result "1/2-1/2"]
[WhiteElo "2156"]
[BlackElo "2106"]
[Annotator "NA"]
[PlyCount "51"]
[EventDate "2018.07.07"]
[EventType "team-tourn"]
[EventCountry "GER"]
[SourceTitle "playchess.com"]
[Source "ChessBase"]
[SourceQuality "1"]
[TimeControl "40/5400+30:1800+30"]

1. d4 {[%emt 0:00:00]} e6 {[%emt 0:00:00]} 2. Bf4 {[%emt 0:00:00]} d5 {[%emt 0:00:00]} 3. e3 {[%emt 0:00:00]} Nf6 {[%emt 0:00:11]} 4. Nd2 {[%emt 0:00:00]} Bd6 {[%emt 0:00:44]} 5. Bg3 {[%emt 0:00:00]} O-O {[%emt 0:00:43]} 6. Bd3 {[%emt 0:01:27]} c5 {[%emt 0:00:34]} 7. c3 {[%emt 0:00:02]} Nc6 {[%emt 0:00:10]} 8. Ngf3 {[%emt 0:00:12]} b6 {[%emt 0:00:15]} 9. e4 {[%emt 0:02:46]} Be7 {[%emt 0:00:21]} 10. dxc5 {[%emt 0:00:21]} bxc5 {[%emt 0:04:06]} 11. O-O {[%emt 0:00:03]} Qb6 {[%emt 0:11:36]} 12. Qc2 {[%emt 0:02:51]} Ba6 {[%emt 0:06:12]} 13. Bxa6 {[%emt 0:04:25]} Qxa6 {[%emt 0:00:07]} 14. exd5 {[%emt 0:01:38]} exd5 {[%emt 0:02:28]} 15. Rfe1 {[%emt 0:00:45]} Rfe8 {[%emt 0:03:40]} 16. a3 {[%emt 0:02:31]} Rad8 {[%emt 0:08:52]} 17. b4 {[%emt 0:03:27]} Bf8 {[%emt 0:06:38]} 18. Qb3 {[%emt 0:05:42]} Qd3 {[%emt 0:11:36]} 19. Rad1 {[%emt 0:06:15]} Rxe1+ {[%emt 0:01:22]} 20. Rxe1 {[%emt 0:12:18]} cxb4 {[%emt 0:13:22]} 21. cxb4 {[%emt 0:02:33]} Qb5 {[%emt 0:02:58]} 22. Be5 {[%emt 0:08:16]} a5 {[%emt 0:09:25]} 23. bxa5 {[%emt 0:08:24]} Qxa5 {[%emt 0:00:11]} 24. a4 {[%emt 0:03:51]} Nxe5 {[%emt 0:02:45]} 25. Rxe5 {[%emt 0:00:09]} Bb4 {[%emt 0:00:36]} 26. Nf1 {[%emt 0:12:01]} 1/2-1/2

[Event "WTCC-50 2018"]
[Site "Radebeul"]
[Date "2018.07.14"]
[Round "8"]
[White "Heinsohn, Guenther"]
[Black "Volke, Karsten"]
[Result "1/2-1/2"]
[WhiteElo "2150"]
[BlackElo "2474"]
[Annotator "ChessBase"]
[PlyCount "115"]
[EventDate "2018.07.07"]
[EventType "team-tourn"]
[EventCountry "GER"]
[SourceTitle "playchess.com"]
[Source "ChessBase"]
[SourceQuality "1"]
[TimeControl "40/5400+30:1800+30"]

1. c4 {[%emt 0:00:00]} e5 {[%emt 0:00:00]} 2. Nc3 {[%emt 0:00:17]} Nf6 {[%emt 0:00:00]} 3. Nf3 {[%emt 0:00:20]} Nc6 {[%emt 0:00:21]} 4. e3 {[%emt 0:01:14]} d5 {[%emt 0:02:23]} 5. cxd5 {[%emt 0:00:22]} Nxd5 {[%emt 0:00:08]} 6. Bb5 {[%emt 0:03:39]} Nxc3 {[%emt 0:00:32]} 7. bxc3 {[%emt 0:00:35]} Bd6 {[%emt 0:00:09]} 8. d4 {[%emt 0:01:30]} e4 {[%emt 0:04:51]} 9. Nd2 {[%emt 0:07:57]} Qg5 {[%emt 0:04:24]} 10. Bf1 {[%emt 0:00:47]} Qg6 {[%emt 0:05:24]} 11. f3 {[%emt 0:13:57]} exf3 {[%emt 0:01:01]} 12. Qxf3 {[%emt 0:00:40]} O-O {[%emt 0:02:02]} 13. Be2 {[%emt 0:02:14]} f5 {[%emt 0:11:06]} 14. Nc4 {[%emt 0:04:48]} Bd7 {[%emt 0:07:13]} 15. Nxd6 {[%emt 0:00:37]} cxd6 {[%emt 0:03:11]} 16. O-O {[%emt 0:01:54]} Rae8 {[%emt 0:04:11]} 17. Bd3 {[%emt 0:01:58]} Nd8 {[%emt 0:06:06]} 18. c4 {[%emt 0:06:29]} Bc6 {[%emt 0:02:08]} 19. d5 {[%emt 0:01:46]} Bd7 {[%emt 0:00:08]} 20. Bb2 {[%emt 0:01:14]} Nf7 {[%emt 0:06:00]} 21. Bxf5 {[%emt 0:14:15]} Bxf5 {[%emt 0:02:24]} 22. Qxf5 {[%emt 0:00:10]} Rxe3 {[%emt 0:07:16]} 23. Bd4 {[%emt 0:04:03]} Qxf5 {[%emt 0:11:54]} 24. Rxf5 {[%emt 0:00:10]} Re4 {[%emt 0:00:05]} 25. Bxa7 {[%emt 0:02:10]} Rxc4 {[%emt 0:01:59]} 26. Rb1 {[%emt 0:05:49]} Rc7 {[%emt 0:00:32]} 27. Bb6 {[%emt 0:02:36]} Re7 {[%emt 0:00:26]} 28. Bd4 {[%emt 0:02:57]} Ra8 {[%emt 0:01:09]} 29. Rb2 {[%emt 0:05:54]} Ra4 {[%emt 0:01:44]} 30. Bf2 {[%emt 0:01:07]} Rc4 {[%emt 0:01:46]} 31. h3 {[%emt 0:00:46]} h6 {[%emt 0:00:12]} 32. Rf3 {[%emt 0:02:55]} Rc1+ {[%emt 0:02:20]} 33. Kh2 {[%emt 0:00:09]} Rd1 {[%emt 0:00:29]} 34. Re3 {[%emt 0:04:21]} Ne5 {[%emt 0:02:26]} 35. Reb3 {[%emt 0:00:46]} Rxd5 {[%emt 0:01:42]} 36. Bh4 {[%emt 0:01:14]} Rc7 {[%emt 0:04:33]} 37. Bg3 {[%emt 0:01:14]} Nf7 {[%emt 0:03:26]} 38. Rxb7 {[%emt 0:00:48]} Rxb7 {[%emt 0:00:06]} 39. Rxb7 {[%emt 0:00:06]} Ra5 {[%emt 0:00:07]} 40. Rb2 {[%emt 0:01:03]} Kf8 {[%emt 0:00:08]} 41. Be1 {[%emt 0:31:52]} Ra3 {[%emt 0:31:53]} 42. Bb4 {[%emt 0:01:36]} Ra4 {[%emt 0:00:08]} 43. a3 {[%emt 0:00:36]} Ke7 {[%emt 0:01:03]} 44. Rc2 {[%emt 0:01:54]} Kd7 {[%emt 0:00:07]} 45. Rf2 {[%emt 0:00:00]} Ne5 {[%emt 0:00:00]} 46. Rf8 {[%emt 0:00:00]} Ra7 {[%emt 0:00:00]} 47. Kg3 {[%emt 0:00:00]} Ke6 {[%emt 0:00:00]} 48. Rd8 {[%emt 0:00:00]} Nc4 {[%emt 0:00:00]} 49. Kf3 {[%emt 0:00:00]} Kd5 {[%emt 0:00:00]} 50. g4 {[%emt 0:00:00]} Re7 {[%emt 0:00:00]} 51. h4 {[%emt 0:00:00]} Rf7+ {[%emt 0:00:00]} 52. Kg3 {[%emt 0:00:00]} Ra7 {[%emt 0:00:00]} 53. h5 {[%emt 0:00:00]} Ke6 {[%emt 0:00:00]} 54. Re8+ {[%emt 0:00:00]} Kd7 {[%emt 0:00:00]} 55. Rg8 {[%emt 0:00:00]} Ke6 {[%emt 0:00:00]} 56. Re8+ {[%emt 0:00:00]} Kd7 {[%emt 0:00:00]} 57. Rg8 {[%emt 0:00:00]} Ke6 {[%emt 0:00:00]} 58. Re8+ {[%emt 0:00:00]} 1/2-1/2

[Event "WTCC-50 2018"]
[Site "Radebeul"]
[Date "2018.07.14"]
[Round "8"]
[White "Van den Bersselaar, Jeroen"]
[Black "Kryukova, Irina"]
[Result "1/2-1/2"]
[WhiteElo "2142"]
[BlackElo "2249"]
[Annotator "NA"]
[PlyCount "48"]
[EventDate "2018.07.07"]
[EventType "team-tourn"]
[EventCountry "GER"]
[SourceTitle "playchess.com"]
[Source "ChessBase"]
[SourceQuality "1"]
[TimeControl "40/5400+30:1800+30"]

1. Nf3 {[%emt 0:00:00]} Nf6 {[%emt 0:00:00]} 2. c4 {[%emt 0:00:00]} e6 {[%emt 0:00:28]} 3. g3 {[%emt 0:00:11]} d5 {[%emt 0:01:29]} 4. Bg2 {[%emt 0:00:13]} dxc4 {[%emt 0:05:36]} 5. Qa4+ {[%emt 0:00:37]} c6 {[%emt 0:01:47]} 6. Qxc4 {[%emt 0:00:42]} b5 {[%emt 0:01:03]} 7. Qc2 {[%emt 0:00:37]} Bb7 {[%emt 0:00:20]} 8. a4 {[%emt 0:01:24]} a6 {[%emt 0:01:02]} 9. O-O {[%emt 0:02:58]} Be7 {[%emt 0:06:46]} 10. Nc3 {[%emt 0:01:25]} Nbd7 {[%emt 0:02:37]} 11. d3 {[%emt 0:01:46]} O-O {[%emt 0:08:29]} 12. h3 {[%emt 0:04:20]} Nd5 {[%emt 0:07:27]} 13. Nxd5 {[%emt 0:21:15]} cxd5 {[%emt 0:01:09]} 14. d4 {[%emt 0:03:30]} Rc8 {[%emt 0:18:23]} 15. Qd3 {[%emt 0:03:32]} b4 {[%emt 0:06:00]} 16. Bd2 {[%emt 0:03:36]} a5 {[%emt 0:06:09]} 17. Rfc1 {[%emt 0:05:58]} Qb6 {[%emt 0:01:02]} 18. Qb5 {[%emt 0:10:44]} Qxb5 {[%emt 0:06:54]} 19. axb5 {[%emt 0:00:03]} Rxc1+ {[%emt 0:00:35]} 20. Bxc1 {[%emt 0:00:52]} Rc8 {[%emt 0:00:42]} 21. Bf4 {[%emt 0:00:48]} Bd8 {[%emt 0:01:33]} 22. Ne1 {[%emt 0:04:02]} Bb6 {[%emt 0:01:33]} 23. e3 {[%emt 0:01:42]} f6 {[%emt 0:05:16]} 24. Bd6 {[%emt 0:03:44]} Kf7 {[%emt 0:00:19]} 1/2-1/2

[Event "WTCC-50 2018"]
[Site "Radebeul"]
[Date "2018.07.14"]
[Round "8"]
[White "Rudolf, Matthias"]
[Black "Penzold, Andreas"]
[Result "0-1"]
[WhiteElo "2102"]
[BlackElo "2389"]
[Annotator "NA"]
[PlyCount "108"]
[EventDate "2018.07.07"]
[EventType "team-tourn"]
[EventCountry "GER"]
[SourceTitle "playchess.com"]
[Source "ChessBase"]
[SourceQuality "1"]
[TimeControl "40/5400+30:1800+30"]

1. b3 {[%emt 0:00:00]} e5 {[%emt 0:00:36]} 2. Bb2 {[%emt 0:00:08]} d6 {[%emt 0:01:21]} 3. e3 {[%emt 0:01:24]} Nf6 {[%emt 0:01:14]} 4. Nf3 {[%emt 0:02:27]} g6 {[%emt 0:02:36]} 5. d4 {[%emt 0:02:53] A05: Réti Opening: 1 Nf3 Nf6} (5. c4 Bg7 6. Nc3 O-O 7. Be2 Re8 8. d4 e4 9. Nd2 c5 10. d5 h5 11. Qc2 Bf5 12. h3 Qe7 13. O-O-O {½-½ (56) Gabuzyan,H (2592)-Petrosian,D (2399) Yerevan 2016}) 5... e4 {[%emt 0:00:32]} 6. Nfd2 {[%emt 0:00:14]} Bg7 {[%emt 0:00:20]} 7. Be2 {[%emt 0:01:48]} h5 {[%emt 0:00:17]} 8. c4 {[%emt 0:03:59]} Bf5 {[%emt 0:05:49]} 9. Nc3 {[%emt 0:01:33]} O-O {[%emt 0:04:54]} 10. h3 $146 {[%emt 0:03:30]} ({Predecessor:} 10. O-O Re8 11. Re1 Nbd7 12. f4 exf3 13. Bxf3 c6 14. e4 Bg4 15. Bxg4 Nxg4 {0-1 (25) Mercier,J (1894)-Caroff,F (2107) Sautron 2010}) 10... h4 {[%emt 0:00:31]} 11. Bg4 {[%emt 0:04:38]} Qd7 {[%emt 0:02:23]} 12. Ndxe4 {[%emt 0:11:15]} Nxg4 {[%emt 0:00:40]} 13. hxg4 {[%emt 0:00:08]} Bxg4 {[%emt 0:00:06]} 14. f3 {[%emt 0:00:19]} Bf5 {[%emt 0:00:26]} 15. Rxh4 {[%emt 0:00:27]} c6 {[%emt 0:02:01]} 16. Qd2 {[%emt 0:06:47]} Bxe4 {[%emt 0:00:51]} 17. Nxe4 {[%emt 0:10:45]} d5 {[%emt 0:05:58]} 18. Nc5 {[%emt 0:08:45]} Qe7 {[%emt 0:00:29]} 19. Rh3 {[%emt 0:00:32]} Re8 {[%emt 0:06:49]} 20. Kf2 {[%emt 0:01:39]} Nd7 {[%emt 0:01:51]} 21. Nxd7 {[%emt 0:04:13]} Qxd7 {[%emt 0:00:09]} 22. cxd5 {[%emt 0:02:10]} cxd5 {[%emt 0:00:08]} 23. Rc1 {[%emt 0:01:09]} Re6 {[%emt 0:00:32]} 24. Qd3 {[%emt 0:06:00]} Rae8 {[%emt 0:02:36]} 25. f4 {[%emt 0:03:25]} Re4 {[%emt 0:03:18]} 26. Rc2 {[%emt 0:06:14]} Qf5 {[%emt 0:00:46]} 27. Rf3 {[%emt 0:07:05]} Qg4 {[%emt 0:10:49]} 28. Bc3 {[%emt 0:04:48]} Bf6 {[%emt 0:12:21]} 29. Kg1 {[%emt 0:00:25]} Bh4 {[%emt 0:03:05]} 30. Re2 {[%emt 0:01:40]} Bg3 {[%emt 0:00:37]} 31. Be1 {[%emt 0:01:03]} Bxf4 {[%emt 0:00:17]} 32. Bf2 {[%emt 0:00:52]} Qe6 {[%emt 0:06:00]} 33. Kf1 {[%emt 0:01:50]} Bg5 {[%emt 0:01:47]} 34. Rc2 {[%emt 0:01:22]} Bd8 {[%emt 0:01:39]} 35. Qb5 {[%emt 0:00:46]} Bb6 {[%emt 0:00:37]} 36. Rc1 {[%emt 0:00:41]} Kg7 {[%emt 0:04:20]} 37. Qd3 {[%emt 0:00:25]} Rh8 {[%emt 0:00:44]} 38. Kg1 {[%emt 0:00:14]} g5 {[%emt 0:02:28]} 39. Bg3 {[%emt 0:00:47]} f6 {[%emt 0:03:59]} 40. Rcf1 {[%emt 0:00:26]} Bd8 {[%emt 0:00:27]} 41. Kf2 {[%emt 0:10:16]} Re8 {[%emt 0:03:13]} 42. Qb5 $2 {[%emt 0:08:12]} (42. Rh1 {is more resistant.}) 42... Rxe3 {[%emt 0:10:32]} 43. Qxb7+ {[%emt 0:03:51] [#]} Kg6 $1 {[%emt 0:10:56]} 44. Kg1 {[%emt 0:04:03]} Rxf3 {[%emt 0:00:20]} 45. gxf3 {[%emt 0:02:33]} Bb6 {[%emt 0:00:20]} 46. Re1 {[%emt 0:02:02] [#]} Qh3 $1 {[%emt 0:02:32]} 47. Rxe8 {[%emt 0:01:37]} Bxd4+ {[%emt 0:00:27]} 48. Bf2 {[%emt 0:00:10]} Qg3+ $1 {[%emt 0:00:08]} 49. Kh1 {[%emt 0:00:04]} Qxf3+ {[%emt 0:00:18]} 50. Kh2 {[%emt 0:00:14]} Qxf2+ {[%emt 0:00:10]} 51. Kh3 {[%emt 0:00:03]} Qf1+ {[%emt 0:00:19]} 52. Kg3 {[%emt 0:02:38]} Qg1+ {[%emt 0:00:17]} 53. Kf3 {[%emt 0:00:35]} Qf2+ {[%emt 0:00:08]} 54. Kg4 Qg2# 0-1

[Event "WTCC-50 2018"]
[Site "Radebeul"]
[Date "2018.07.14"]
[Round "8"]
[White "Rudolf, Matthias, Dr."]
[Black "Penzold, Andreas"]
[Result "0-1"]
[WhiteElo "2102"]
[BlackElo "2389"]
[Annotator "NA"]
[PlyCount "108"]
[EventDate "2018.07.07"]
[EventType "team-tourn"]
[EventCountry "GER"]
[SourceTitle "playchess.com"]
[Source "ChessBase"]
[SourceQuality "1"]
[TimeControl "40/5400+30:1800+30"]

1. b3 {[%emt 0:00:00]} e5 {[%emt 0:00:36]} 2. Bb2 {[%emt 0:00:08]} d6 {[%emt 0:01:21]} 3. e3 {[%emt 0:01:24]} Nf6 {[%emt 0:01:14]} 4. Nf3 {[%emt 0:02:27]} g6 {[%emt 0:02:36]} 5. d4 {[%emt 0:02:53]} e4 {[%emt 0:00:32]} 6. Nfd2 {[%emt 0:00:14]} Bg7 {[%emt 0:00:20]} 7. Be2 {[%emt 0:01:48]} h5 {[%emt 0:00:17]} 8. c4 {[%emt 0:03:59]} Bf5 {[%emt 0:05:49]} 9. Nc3 {[%emt 0:01:33]} O-O {[%emt 0:04:54]} 10. h3 {[%emt 0:03:30]} h4 {[%emt 0:00:31]} 11. Bg4 {[%emt 0:04:38]} Qd7 {[%emt 0:02:23]} 12. Ndxe4 {[%emt 0:11:15]} Nxg4 {[%emt 0:00:40]} 13. hxg4 {[%emt 0:00:08]} Bxg4 {[%emt 0:00:06]} 14. f3 {[%emt 0:00:19]} Bf5 {[%emt 0:00:26]} 15. Rxh4 {[%emt 0:00:27]} c6 {[%emt 0:02:01]} 16. Qd2 {[%emt 0:06:47]} Bxe4 {[%emt 0:00:51]} 17. Nxe4 {[%emt 0:10:45]} d5 {[%emt 0:05:58]} 18. Nc5 {[%emt 0:08:45]} Qe7 {[%emt 0:00:29]} 19. Rh3 {[%emt 0:00:32]} Re8 {[%emt 0:06:49]} 20. Kf2 {[%emt 0:01:39]} Nd7 {[%emt 0:01:51]} 21. Nxd7 {[%emt 0:04:13]} Qxd7 {[%emt 0:00:09]} 22. cxd5 {[%emt 0:02:10]} cxd5 {[%emt 0:00:08]} 23. Rc1 {[%emt 0:01:09]} Re6 {[%emt 0:00:32]} 24. Qd3 {[%emt 0:06:00]} Rae8 {[%emt 0:02:36]} 25. f4 {[%emt 0:03:25]} Re4 {[%emt 0:03:18]} 26. Rc2 {[%emt 0:06:14]} Qf5 {[%emt 0:00:46]} 27. Rf3 {[%emt 0:07:05]} Qg4 {[%emt 0:10:49]} 28. Bc3 {[%emt 0:04:48]} Bf6 {[%emt 0:12:21]} 29. Kg1 {[%emt 0:00:25]} Bh4 {[%emt 0:03:05]} 30. Re2 {[%emt 0:01:40]} Bg3 {[%emt 0:00:37]} 31. Be1 {[%emt 0:01:03]} Bxf4 {[%emt 0:00:17]} 32. Bf2 {[%emt 0:00:52]} Qe6 {[%emt 0:06:00]} 33. Kf1 {[%emt 0:01:50]} Bg5 {[%emt 0:01:47]} 34. Rc2 {[%emt 0:01:22]} Bd8 {[%emt 0:01:39]} 35. Qb5 {[%emt 0:00:46]} Bb6 {[%emt 0:00:37]} 36. Rc1 {[%emt 0:00:41]} Kg7 {[%emt 0:04:20]} 37. Qd3 {[%emt 0:00:25]} Rh8 {[%emt 0:00:44]} 38. Kg1 {[%emt 0:00:14]} g5 {[%emt 0:02:28]} 39. Bg3 {[%emt 0:00:47]} f6 {[%emt 0:03:59]} 40. Rcf1 {[%emt 0:00:26]} Bd8 {[%emt 0:00:27]} 41. Kf2 {[%emt 0:10:16]} Re8 {[%emt 0:03:13]} 42. Qb5 {[%emt 0:08:12]} Rxe3 {[%emt 0:10:32]} 43. Qxb7+ {[%emt 0:03:51]} Kg6 {[%emt 0:10:56]} 44. Kg1 {[%emt 0:04:03]} Rxf3 {[%emt 0:00:20]} 45. gxf3 {[%emt 0:02:33]} Bb6 {[%emt 0:00:20]} 46. Re1 {[%emt 0:02:02]} Qh3 {[%emt 0:02:32]} 47. Rxe8 {[%emt 0:01:37]} Bxd4+ {[%emt 0:00:27]} 48. Bf2 {[%emt 0:00:10]} Qg3+ {[%emt 0:00:08]} 49. Kh1 {[%emt 0:00:04]} Qxf3+ {[%emt 0:00:18]} 50. Kh2 {[%emt 0:00:14]} Qxf2+ {[%emt 0:00:10]} 51. Kh3 {[%emt 0:00:03]} Qf1+ {[%emt 0:00:19]} 52. Kg3 {[%emt 0:02:38]} Qg1+ {[%emt 0:00:17]} 53. Kf3 {[%emt 0:00:35]} Qf2+ {[%emt 0:00:08]} 54. Kg4 Qg2# 0-1

[Event "WTCC-50 2018"]
[Site "Radebeul"]
[Date "2018.07.14"]
[Round "8"]
[White "Heyme, Sibylle"]
[Black "Boehm, Martin"]
[Result "1/2-1/2"]
[WhiteElo "2037"]
[BlackElo "2172"]
[Annotator "NA"]
[PlyCount "36"]
[EventDate "2018.07.07"]
[EventType "team-tourn"]
[EventCountry "GER"]
[SourceTitle "playchess.com"]
[Source "ChessBase"]
[SourceQuality "1"]
[TimeControl "40/5400+30:1800+30"]

1. Nf3 {[%emt 0:00:00]} c5 {[%emt 0:00:06]} 2. g3 {[%emt 0:00:28]} Nc6 {[%emt 0:00:17]} 3. Bg2 {[%emt 0:00:26]} g6 {[%emt 0:00:16]} 4. c4 {[%emt 0:00:29]} Bg7 {[%emt 0:00:13]} 5. Nc3 {[%emt 0:00:30]} e5 {[%emt 0:02:19]} 6. d3 {[%emt 0:01:43]} Nge7 {[%emt 0:01:08]} 7. O-O {[%emt 0:00:48]} O-O {[%emt 0:00:15]} 8. a3 {[%emt 0:01:46]} d6 {[%emt 0:04:48]} 9. Bd2 {[%emt 0:06:06]} h6 {[%emt 0:02:24]} 10. Rb1 {[%emt 0:01:35]} Be6 {[%emt 0:09:31]} 11. b4 {[%emt 0:06:20]} b6 {[%emt 0:12:11]} 12. Ne1 {[%emt 0:25:03]} Rb8 {[%emt 0:17:51]} 13. Nc2 {[%emt 0:07:14]} Qd7 {[%emt 0:08:24]} 14. Ne3 {[%emt 0:01:10]} Bh3 {[%emt 0:00:46]} 15. Ned5 {[%emt 0:01:20]} Bxg2 {[%emt 0:00:39]} 16. Kxg2 {[%emt 0:00:08]} Nxd5 {[%emt 0:01:56]} 17. Nxd5 {[%emt 0:00:13]} Qb7 {[%emt 0:00:30]} 18. Kg1 {[%emt 0:00:30]} Ne7 {[%emt 0:02:25]} 1/2-1/2

[Event "WTCC-50 2018"]
[Site "Radebeul"]
[Date "2018.07.14"]
[Round "8"]
[White "Marwitz, Tino"]
[Black "Luger, Jens"]
[Result "1/2-1/2"]
[WhiteElo "2031"]
[BlackElo "1920"]
[Annotator "NA"]
[PlyCount "64"]
[EventDate "2018.07.07"]
[EventType "team-tourn"]
[EventCountry "GER"]
[SourceTitle "playchess.com"]
[Source "ChessBase"]
[SourceQuality "1"]
[TimeControl "40/5400+30:1800+30"]

1. d4 {[%emt 0:00:00]} d5 {[%emt 0:00:00]} 2. Nf3 {[%emt 0:00:00]} Nf6 {[%emt 0:00:42]} 3. c4 {[%emt 0:05:41]} e6 {[%emt 0:00:33]} 4. g3 {[%emt 0:00:12]} c6 {[%emt 0:00:13]} 5. Bg2 {[%emt 0:00:18]} Be7 {[%emt 0:00:21]} 6. O-O {[%emt 0:00:09]} O-O {[%emt 0:00:03]} 7. b3 {[%emt 0:01:03]} Nbd7 {[%emt 0:01:37]} 8. Bb2 {[%emt 0:00:53]} b6 {[%emt 0:05:21]} 9. Nc3 {[%emt 0:01:01]} Ba6 {[%emt 0:00:58]} 10. Nd2 {[%emt 0:03:25]} Rc8 {[%emt 0:02:15]} 11. Rc1 {[%emt 0:02:40]} Bb7 {[%emt 0:05:01]} 12. e4 dxe4 {[%emt 0:05:48]} 13. Ndxe4 {[%emt 0:03:56]} Nxe4 {[%emt 0:01:06]} 14. Nxe4 {[%emt 0:00:11]} Nf6 {[%emt 0:02:22]} 15. Re1 {[%emt 0:01:44]} Qd7 {[%emt 0:05:31]} 16. Qe2 {[%emt 0:10:43]} Rfd8 {[%emt 0:04:48]} 17. Ng5 {[%emt 0:02:23]} Bb4 {[%emt 0:16:21]} 18. Red1 {[%emt 0:01:07]} Qe7 {[%emt 0:01:47]} 19. Nf3 {[%emt 0:04:57]} Nd7 {[%emt 0:06:20]} 20. Rd3 {[%emt 0:04:10]} h6 {[%emt 0:05:48]} 21. Re3 {[%emt 0:00:19]} Qf8 {[%emt 0:01:48]} 22. Bh3 {[%emt 0:02:14]} Re8 {[%emt 0:05:03]} 23. Rd1 {[%emt 0:01:37]} Rcd8 {[%emt 0:00:56]} 24. Red3 {[%emt 0:04:46]} Bc8 {[%emt 0:02:36]} 25. Bg2 {[%emt 0:03:53]} Bb7 {[%emt 0:02:59]} 26. Qc2 {[%emt 0:01:03]} Rc8 {[%emt 0:02:49]} 27. Qc1 {[%emt 0:00:53]} Be7 {[%emt 0:01:25]} 28. Qd2 {[%emt 0:03:30]} Bb4 {[%emt 0:00:26]} 29. Qc1 {[%emt 0:00:52]} Be7 {[%emt 0:00:04]} 30. Bc3 {[%emt 0:01:16]} Ba3 {[%emt 0:03:19]} 31. Qd2 {[%emt 0:00:10]} Be7 {[%emt 0:01:33]} 32. b4 {[%emt 0:00:31]} Ba6 {[%emt 0:01:16]} 1/2-1/2

[Event "WTCC-50 2018"]
[Site "Radebeul"]
[Date "2018.07.14"]
[Round "8"]
[White "Habel, Christof"]
[Black "Wolf, Sylvia"]
[Result "1/2-1/2"]
[WhiteElo "2026"]
[BlackElo "2023"]
[Annotator "NA"]
[PlyCount "34"]
[EventDate "2018.07.07"]
[EventType "team-tourn"]
[EventCountry "GER"]
[SourceTitle "playchess.com"]
[Source "ChessBase"]
[SourceQuality "1"]
[TimeControl "40/5400+30:1800+30"]

1. d4 {[%emt 0:00:00]} c5 {[%emt 0:00:00]} 2. d5 {[%emt 0:00:39]} Nf6 {[%emt 0:00:00]} 3. Nc3 {[%emt 0:00:14]} d6 {[%emt 0:01:58]} 4. e4 {[%emt 0:01:02]} g6 {[%emt 0:03:03]} 5. Nf3 {[%emt 0:04:34]} Bg7 {[%emt 0:00:43]} 6. a4 {[%emt 0:01:28]} O-O {[%emt 0:01:27]} 7. Be2 {[%emt 0:00:48]} e5 {[%emt 0:07:57]} 8. dxe6 {[%emt 0:02:37]} Bxe6 {[%emt 0:00:08]} 9. Ng5 {[%emt 0:07:04]} d5 {[%emt 0:07:09]} 10. exd5 {[%emt 0:07:00]} Nxd5 {[%emt 0:04:11]} 11. Nxe6 {[%emt 0:02:43]} fxe6 {[%emt 0:02:46]} 12. Ne4 {[%emt 0:05:48]} Nc6 {[%emt 0:08:32]} 13. O-O {[%emt 0:07:19]} b6 {[%emt 0:05:07]} 14. Bg4 {[%emt 0:11:40]} Nd4 {[%emt 0:05:44]} 15. Ng5 {[%emt 0:01:17]} Nc7 {[%emt 0:06:59]} 16. Ra3 {[%emt 0:07:02]} h6 {[%emt 0:03:12]} 17. Ne4 {[%emt 0:03:22]} Qd5 {[%emt 0:04:06]} 1/2-1/2

[Event "WTCC-50 2018"]
[Site "Radebeul"]
[Date "2018.07.14"]
[Round "8"]
[White "Hutschenreiter, Joerg"]
[Black "Wuttke, Hans"]
[Result "1/2-1/2"]
[WhiteElo "2023"]
[BlackElo "2160"]
[Annotator "NA"]
[PlyCount "32"]
[EventDate "2018.07.07"]
[EventType "team-tourn"]
[EventCountry "GER"]
[SourceTitle "playchess.com"]
[Source "ChessBase"]
[SourceQuality "1"]
[TimeControl "40/5400+30:1800+30"]

1. d4 {[%emt 0:00:00]} e6 {[%emt 0:00:00]} 2. g3 {[%emt 0:00:54]} c5 {[%emt 0:00:00]} 3. Nf3 {[%emt 0:01:16]} cxd4 {[%emt 0:00:48]} 4. Nxd4 {[%emt 0:00:01]} Nc6 {[%emt 0:00:36]} 5. Bg2 {[%emt 0:01:27]} Qb6 {[%emt 0:02:28]} 6. Nf3 {[%emt 0:14:02]} d5 {[%emt 0:02:13]} 7. O-O {[%emt 0:00:06]} Nf6 {[%emt 0:02:05]} 8. b3 {[%emt 0:00:26]} Be7 {[%emt 0:01:00]} 9. Bb2 {[%emt 0:01:05]} O-O {[%emt 0:00:18]} 10. Nbd2 {[%emt 0:00:08]} Rd8 {[%emt 0:01:28]} 11. c3 {[%emt 0:07:53]} h6 {[%emt 0:11:14]} 12. Qb1 {[%emt 0:01:30]} Bd7 {[%emt 0:05:12]} 13. e4 {[%emt 0:03:19]} dxe4 {[%emt 0:04:01]} 14. Nxe4 {[%emt 0:00:16]} Nxe4 {[%emt 0:00:31]} 15. Qxe4 {[%emt 0:00:02]} Bf6 {[%emt 0:00:13]} 16. Qe2 {[%emt 0:00:37]} Be8 {[%emt 0:12:10]} 1/2-1/2